| 000 | 004040000a22001690004500 | ||
|---|---|---|---|
| 003 | MACL | ||
| 005 | 20160106150739.0 | ||
| 008 | 160106b xxu||||| |||| 00| 0 eng d | ||
| 040 |
_aMACL _cMACL |
||
| 041 | _aEnglish | ||
| 082 | _a823/WOD | ||
| 100 |
_aWodehouse, P G _928792 |
||
| 245 | _aUneasy Money | ||
| 260 |
_bMethuen & Co. _c1950 _aLondon |
||
| 650 |
_aFiction _928793 |
||
| 942 |
_cBK _k823/Wod _2ddc |
||
| 999 |
_c34721 _d34721 |
||